| 000 | 00822nam a2200265Ia 4500 | ||
|---|---|---|---|
| 003 | OSt | ||
| 005 | 20220918170437.0 | ||
| 006 | a|||||r|||| 00| 0 | ||
| 007 | ta | ||
| 008 | 220917b |||||||| |||| 00| 0 eng d | ||
| 020 |
_a9780230243118 (pbk) _cUKP 22.99 |
||
| 024 | _a317,265 | ||
| 037 |
_b0430, 27/03/2017, Synergy Books India _cTextual |
||
| 040 |
_aARTS _cARTS _beng |
||
| 041 |
_2eng _aeng |
||
| 082 | _aY12.3, Q6 | ||
| 100 |
_aTebbutt Melanie _929074 |
||
| 245 | 0 |
_aMaking youth _b history of youth in modern Britain |
|
| 260 |
_aLondon _bPalgrave UK _c2016 |
||
| 300 |
_avi,280p. _ccm. |
||
| 490 | _aSocial history in perspective | ||
| 650 |
_aSOCIOLOGY; YOUTH _929075 |
||
| 942 |
_hY12.3, Q6 _cTEXL _2CC |
||
| 999 |
_c134160 _d134160 |
||